000 00215nam a22001097a 4500
041 _aeng
080 _a80
100 _aMartini, Fritz
245 _aDeutsche Literaturgeschichte.
650 _aGerman
999 _c281021
_d281021
942 _cBK